[Event "England A-Catalonia"]
[Site "?"]
[Date "2008.02.12"]
[Round "2.1"]
[White "Anderton, D."]
[Black "Rodriguez, O."]
[Result "0-1"]
[WhiteElo "2251"]
[BlackElo "2428"]
[PlyCount "82"]
[EventDate "2008.??.??"]

1. d4 d5 2. c4 e6 3. Nc3 c5 4. cxd5 exd5 5. Nf3 Nc6 6. g3 Nf6 7. Bg2 Be7 8. O-O
O-O 9. Bg5 cxd4 10. Nxd4 h6 11. Be3 Re8 12. Rc1 Bf8 13. Na4 Ne5 14. Nb5 Nc4 15.
Bd4 Bg4 16. Nac3 Ne5 17. Nxa7 Qd7 18. Nab5 Bh3 19. Qb3 Rac8 20. Rfd1 Bxg2 21.
Kxg2 Qf5 22. f3 Nc4 23. Rd3 Bc5 24. Bxc5 Rxc5 25. Nd4 Qg5 26. Re1 Nh5 27. Kf2
Nf4 28. gxf4 Qh4+ 29. Kf1 Qxh2 30. Nd1 Qxf4 31. e3 Qh2 32. Qb4 Rc7 33. Nf2 Rce7
34. Qc3 Re5 35. b3 Rg5 36. Ng4 Qh3+ 37. Kf2 Ne5 38. Rg1 h5 39. Rdd1 hxg4 40. f4
g3+ 41. Ke1 Qh2 0-1

[Event "England A-Catalonia"]
[Site "?"]
[Date "2008.02.12"]
[Round "2.2"]
[White "Simon Padros, E."]
[Black "James, G."]
[Result "0-1"]
[WhiteElo "2251"]
[BlackElo "2189"]
[PlyCount "106"]
[EventDate "2008.??.??"]

1. e4 e5 2. Nf3 Nc6 3. Bb5 a6 4. Ba4 d6 5. O-O Bd7 6. c3 g6 7. d4 Bg7 8. dxe5
dxe5 9. Be3 Nf6 10. Nbd2 Qe7 11. b4 b6 12. Bb3 O-O 13. Bg5 h6 14. Bh4 Rad8 15.
Qe2 a5 16. a3 g5 17. Bg3 Nh5 18. Nc4 Nf4 19. Qc2 Be6 20. Ne3 Bxb3 21. Qxb3 Qe6
22. Qc2 Ne7 23. Rad1 Qc6 24. c4 axb4 25. axb4 Ra8 26. h4 Ra3 27. Ra1 Rfa8 28.
Rxa3 Rxa3 29. Rd1 Rc3 30. Qb1 Ne2+ 31. Kh2 Nxg3 32. Kxg3 Qf6 33. Kh2 Qf4+ 34.
Kg1 g4 35. Rd8+ Kh7 36. Qe1 Ra3 37. Nd2 g3 38. Ndf1 Bf6 39. fxg3 Qxe4 40. Qf2
Nf5 41. Nxf5 Bxd8 42. N5e3 Qg6 43. Qb2 Ra4 44. Qxe5 Rxb4 45. Qd5 Be7 46. h5 Qf6
47. Qe4+ Kg8 48. Qg4+ Qg5 49. Qc8+ Kh7 50. Qxc7 Rb1 51. Qf4 Qxf4 52. gxf4 Bc5
53. Kh2 Re1 0-1

[Event "England A-Catalonia"]
[Site "?"]
[Date "2008.02.12"]
[Round "2.3"]
[White "Scholes, J."]
[Black "Anguera Maestro, J."]
[Result "1/2-1/2"]
[WhiteElo "2152"]
[BlackElo "2223"]
[PlyCount "45"]
[EventDate "2008.??.??"]

1. c4 g6 2. Nc3 Bg7 3. g3 Nf6 4. e4 d6 5. h3 c5 6. Bg2 Nc6 7. d3 O-O 8. Nge2 h6
9. Be3 Rb8 10. Qd2 Kh7 11. O-O e5 12. Nd5 Nd4 13. f4 Nxd5 14. cxd5 f5 15. Bxd4
exd4 16. Kh2 a5 17. Ng1 b5 18. Rae1 fxe4 19. Bxe4 Bf5 20. Bxf5 Rxf5 21. g4 Rf7
22. Re6 Qf8 23. Ne2 1/2-1/2

[Event "England A-Catalonia"]
[Site "?"]
[Date "2008.02.12"]
[Round "2.4"]
[White "Coll Enriquez, L."]
[Black "Pelling, T."]
[Result "1-0"]
[WhiteElo "2168"]
[BlackElo "2170"]
[PlyCount "73"]
[EventDate "2008.??.??"]

1. e4 e6 2. Nf3 d5 3. e5 c5 4. b4 b6 5. a3 Qc7 6. c3 a5 7. bxc5 bxc5 8. a4 Nc6
9. Bb5 Bd7 10. Qe2 Nge7 11. O-O Ng6 12. d4 Be7 13. g3 O-O 14. h4 Rfc8 15. h5
Nf8 16. Na3 Qb6 17. Rd1 cxd4 18. cxd4 Nb4 19. Bg5 Bxb5 20. Nxb5 Rc2 21. Qe3 f6
22. exf6 gxf6 23. Bh6 Kf7 24. Re1 Rac8 25. Qf4 Nd3 26. Ne5+ Nxe5 27. dxe5 Nd7
28. Rab1 Qc5 29. exf6 Rc4 30. Qf3 Nxf6 31. Bg5 Rxa4 32. Bxf6 Bxf6 33. Qd3 Rg8
34. Rec1 Rc4 35. Nd6+ Qxd6 36. Rxc4 Be5 37. Rb7+ 1-0

[Event "Leipzig-Steiermark"]
[Site "?"]
[Date "2008.02.12"]
[Round "2.1"]
[White "Böhnisch, M."]
[Black "Watzka, H."]
[Result "1/2-1/2"]
[WhiteElo "2369"]
[BlackElo "2321"]
[PlyCount "35"]
[EventDate "2008.??.??"]

1. e4 e5 2. Bc4 Nf6 3. d3 Nc6 4. Nc3 Bb4 5. a3 Bxc3+ 6. bxc3 d5 7. exd5 Nxd5 8.
Qf3 Be6 9. Ne2 Qd7 10. Rb1 O-O 11. O-O Nb6 12. Bxe6 Qxe6 13. Re1 Qd7 14. c4
Rae8 15. Bb2 f6 16. Ng3 Na4 17. Ba1 Nc5 18. Nf5 1/2-1/2

[Event "Leipzig-Steiermark"]
[Site "?"]
[Date "2008.02.12"]
[Round "2.2"]
[White "Mira, H."]
[Black "Braun, G."]
[Result "1/2-1/2"]
[WhiteElo "2153"]
[BlackElo "2329"]
[PlyCount "53"]
[EventDate "2008.??.??"]

1. d4 d5 2. c4 e6 3. Nc3 c5 4. cxd5 exd5 5. Nf3 Nc6 6. g3 Nf6 7. Bg2 h6 8. O-O
Be7 9. dxc5 Bxc5 10. Na4 Be7 11. Be3 O-O 12. Bc5 Re8 13. Rc1 Bg4 14. h3 Bh5 15.
Re1 Bg6 16. Bxe7 Qxe7 17. a3 Rac8 18. Nc5 Ne5 19. Nxe5 Qxe5 20. Qd2 Ne4 21.
Nxe4 Bxe4 22. Rxc8 Rxc8 23. Rc1 Rxc1+ 24. Qxc1 Kh7 25. Bxe4+ dxe4 26. Qc3 f5
27. Qb4 1/2-1/2

[Event "Leipzig-Steiermark"]
[Site "?"]
[Date "2008.02.12"]
[Round "2.3"]
[White "Böhlig, H."]
[Black "Nickl, K."]
[Result "1-0"]
[WhiteElo "2256"]
[BlackElo "2141"]
[PlyCount "61"]
[EventDate "2008.??.??"]

1. d4 d6 2. g3 e5 3. dxe5 dxe5 4. Qxd8+ Kxd8 5. Nc3 c6 6. f4 Nf6 7. Nf3 exf4 8.
Bxf4 Bb4 9. O-O-O+ Ke7 10. a3 Bxc3 11. Bd6+ Ke8 12. bxc3 Bf5 13. Bg2 Ne4 14.
Bxb8 Rxb8 15. Nh4 g6 16. g4 Nxc3 17. gxf5 Nxd1 18. Rxd1 Ke7 19. Rf1 Rbd8 20. e4
Rd4 21. f6+ Ke8 22. Re1 h6 23. Bh3 Kf8 24. Nf3 Rd8 25. e5 Rh7 26. e6 fxe6 27.
Rxe6 Rhd7 28. Ne5 Rd1+ 29. Kb2 Rg1 30. Re7 Rg5 31. Nd7+ 1-0

[Event "Leipzig-Steiermark"]
[Site "?"]
[Date "2008.02.12"]
[Round "2.4"]
[White "Kratschmer, H."]
[Black "Starke, B."]
[Result "1-0"]
[WhiteElo "2099"]
[BlackElo "2140"]
[PlyCount "125"]
[EventDate "2008.??.??"]

1. d4 Nf6 2. Nf3 b5 3. e3 a6 4. Bd3 Bb7 5. Nbd2 e6 6. O-O c5 7. b3 Qc7 8. Bb2
Nc6 9. c4 b4 10. Qc2 d6 11. Rfe1 Be7 12. Rad1 h6 13. e4 e5 14. d5 Nd4 15. Nxd4
cxd4 16. Nf3 Nd7 17. Rf1 Nc5 18. Ne1 g5 19. Qe2 h5 20. Bc2 Bc8 21. Nd3 a5 22.
a3 Rb8 23. axb4 axb4 24. Ra1 Bd8 25. Ra2 h4 26. h3 Bd7 27. Rfa1 Qc8 28. Bc1 g4
29. hxg4 Bxg4 30. f3 Bh5 31. Nf2 Rg8 32. Kh2 Rg3 33. Bd2 Bf6 34. Qe1 Kf8 35.
Bxb4 Bg5 36. Bd2 Qd8 37. Nh3 Bf6 38. b4 Nb7 39. Ra3 Qc8 40. c5 Nxc5 41. bxc5
dxc5 42. Qc1 c4 43. Be1 Rg6 44. Ba4 Be7 45. R3a2 Kg7 46. Bc6 c3 47. Rb1 Bb4 48.
Qc2 Qd8 49. Ra4 Be7 50. Ra7 Rxb1 51. Qxb1 Bc5 52. Ra8 Qf6 53. Qb8 Kh7 54. Bxh4
Bd6 55. Qe8 Qg7 56. Ng5+ Kh6 57. Nxf7+ Qxf7 58. Qxf7 Rxg2+ 59. Kxg2 Bxf7 60.
Bb5 c2 61. Rc8 Be8 62. Bxe8 d3 63. Be1 1-0

[Event "Brandenburg-Dänemark"]
[Site "?"]
[Date "2008.02.12"]
[Round "2.1"]
[White "Walter, G."]
[Black "Jorgensen, J."]
[Result "1-0"]
[WhiteElo "2281"]
[BlackElo "2262"]
[PlyCount "69"]
[EventDate "2008.??.??"]

1. d4 d5 2. c4 Nc6 3. cxd5 Qxd5 4. e3 e5 5. Nc3 Bb4 6. Bd2 Bxc3 7. bxc3 Qd6 8.
Ne2 Nge7 9. Ng3 O-O 10. Be2 f5 11. O-O Kh8 12. Qc2 b6 13. Rad1 Bb7 14. Bc1 Na5
15. dxe5 Qxe5 16. c4 Be4 17. Nxe4 fxe4 18. Bb2 Qe6 19. Rd4 Qg6 20. Qxe4 Nf5 21.
Rd7 Ng3 22. Qd3 Nxe2+ 23. Qxe2 Rf7 24. Rxf7 Qxf7 25. Rc1 c5 26. Qd3 Rf8 27. f3
Qe7 28. Rd1 Qg5 29. f4 Qg4 30. h3 Qe6 31. Qc3 Qf7 32. Rd5 Rg8 33. f5 h6 34. Qd3
Qe7 35. f6 1-0

[Event "Brandenburg-Dänemark"]
[Site "?"]
[Date "2008.02.12"]
[Round "2.2"]
[White "Sorensen, B."]
[Black "Tröger, R."]
[Result "1/2-1/2"]
[WhiteElo "2228"]
[BlackElo "2203"]
[PlyCount "85"]
[EventDate "2008.??.??"]

1. Nf3 g6 2. g3 Bg7 3. Bg2 c5 4. d4 cxd4 5. Nxd4 Nc6 6. c3 Nxd4 7. cxd4 Qb6 8.
e3 Qa6 9. Nc3 Nf6 10. b4 O-O 11. b5 Qb6 12. O-O d6 13. Bd2 Bg4 14. Qb3 Be6 15.
d5 Bc8 16. e4 Nd7 17. Rac1 Nc5 18. Qb1 Bd7 19. Rfe1 Bxc3 20. Rxc3 Qxb5 21. Qa1
f6 22. Be3 Qa5 23. Bxc5 dxc5 24. e5 Qc7 25. Rce3 Rae8 26. Qd1 fxe5 27. Rxe5 Qd6
28. Qe2 Rf7 29. h4 b5 30. Qe3 a6 31. h5 Rg7 32. Qh6 c4 33. Rg5 Qf6 34. Be4 Rf8
35. Re2 Be8 36. Bc2 Bf7 37. f4 Qa1+ 38. Kg2 Qd4 39. hxg6 hxg6 40. Bxg6 Bxg6 41.
Rxg6 Qxd5+ 42. Kh2 Rff7 43. Rc6 1/2-1/2

[Event "Brandenburg-Dänemark"]
[Site "?"]
[Date "2008.02.12"]
[Round "2.3"]
[White "Gohlke, H."]
[Black "Grabov, S."]
[Result "1/2-1/2"]
[WhiteElo "2103"]
[BlackElo "2214"]
[PlyCount "29"]
[EventDate "2008.??.??"]

1. e4 e6 2. d4 d5 3. exd5 exd5 4. Bd3 Bd6 5. c3 Nf6 6. Bg5 O-O 7. Ne2 Nbd7 8.
Qc2 h6 9. Bh4 c5 10. Bg3 Qc7 11. Na3 a6 12. O-O c4 13. Bf5 Re8 14. Bxd6 Qxd6
15. Ng3 1/2-1/2

[Event "Brandenburg-Dänemark"]
[Site "?"]
[Date "2008.02.12"]
[Round "2.4"]
[White "Olesen, P."]
[Black "Lütje, J."]
[Result "1-0"]
[WhiteElo "2067"]
[BlackElo "2155"]
[PlyCount "65"]
[EventDate "2008.??.??"]

1. e4 c5 2. Nf3 e6 3. d4 cxd4 4. Nxd4 Bc5 5. Nb3 Bb6 6. Nc3 Ne7 7. Bf4 d5 8.
exd5 exd5 9. Bb5+ Nbc6 10. O-O O-O 11. Re1 Be6 12. Bg5 Re8 13. Na4 Bc7 14. Nac5
Qc8 15. Nd4 Ng6 16. Nxc6 bxc6 17. Ba6 Qb8 18. Bb7 Bxh2+ 19. Kh1 Qd6 20. Bxa8
Rxa8 21. Nxe6 fxe6 22. g3 Bxg3 23. fxg3 Qxg3 24. Qh5 e5 25. Re3 Qf2 26. Rh3 Nf8
27. Rf3 g6 28. Qh3 Qxc2 29. Raf1 Qe4 30. Kh2 Qb4 31. Bh6 Re8 32. Rxf8+ Rxf8 33.
Qe6+ 1-0

[Event "Wroclaw-England B"]
[Site "?"]
[Date "2008.02.12"]
[Round "2.1"]
[White "Schmidt, W."]
[Black "Wade, R."]
[Result "1-0"]
[WhiteElo "2404"]
[BlackElo "2155"]
[PlyCount "77"]
[EventDate "2008.??.??"]

1. d4 d6 2. Nf3 Bg4 3. c4 Nd7 4. Qb3 b6 5. h3 Bxf3 6. Qxf3 c5 7. e3 g6 8. Qd1
Bg7 9. Be2 Ngf6 10. Nc3 O-O 11. b3 e5 12. dxc5 Nxc5 13. Bb2 Qe7 14. Qc2 a5 15.
Rd1 Rfd8 16. O-O Rac8 17. a3 Ne6 18. Bf3 Ng5 19. Bd5 Ne6 20. f4 Nxd5 21. Nxd5
Qb7 22. f5 Nc5 23. b4 axb4 24. axb4 Na6 25. b5 Nc5 26. e4 Ra8 27. Bc1 Ra1 28.
Bg5 Rxd1 29. Qxd1 Ra8 30. Qf3 f6 31. Bxf6 Bxf6 32. Nxf6+ Kg7 33. Qg4 Qe7 34.
Nd5 Qd8 35. h4 Ra7 36. h5 Qe8 37. fxg6 hxg6 38. Rf6 Kh8 39. Rxg6 1-0

[Event "Wroclaw-England B"]
[Site "?"]
[Date "2008.02.12"]
[Round "2.2"]
[White "Prizant, M."]
[Black "Kot, J."]
[Result "1/2-1/2"]
[WhiteElo "2169"]
[BlackElo "2293"]
[PlyCount "85"]
[EventDate "2008.??.??"]

1. e4 c6 2. d4 g6 3. Nc3 Bg7 4. Nf3 a6 5. Bg5 d5 6. h3 f6 7. Bf4 Nh6 8. Qd2 Nf7
9. e5 O-O 10. O-O-O b5 11. g4 e6 12. h4 fxe5 13. Nxe5 c5 14. Nxf7 Rxf7 15. Be5
Bxe5 16. dxe5 Qf8 17. Rh2 Nc6 18. h5 Nxe5 19. hxg6 hxg6 20. Be2 Raa7 21. Qg5
Qg7 22. Rdh1 Nd7 23. Bd3 Nf8 24. Ne2 c4 25. Rh8+ Qxh8 26. Rxh8+ Kxh8 27. Bxg6
Nxg6 28. Qh5+ Rh7 29. Qxg6 Rag7 30. Qf6 e5 31. g5 Rh1+ 32. Kd2 Bg4 33. g6 d4
34. Qf8+ Rg8 35. Qf6+ Rg7 36. Qxe5 Bxe2 37. Qe8+ Rg8 38. Qe5+ Rg7 39. Kxe2 Rh6
40. Qb8+ Rg8 41. Qe5+ Rg7 42. Qe8+ Rg8 43. Qe5+ 1/2-1/2

[Event "Wroclaw-England B"]
[Site "?"]
[Date "2008.02.12"]
[Round "2.3"]
[White "Cylwik, Zbigniew"]
[Black "Macdonald-Ross, Michael"]
[Result "1/2-1/2"]
[WhiteElo "2073"]
[BlackElo "2154"]
[PlyCount "66"]
[EventDate "2008.??.??"]

1. d4 d5 2. c4 e6 3. Nc3 Be7 4. Nf3 Nf6 5. Bg5 h6 6. Bh4 O-O 7. e3 b6 8. cxd5
Nxd5 9. Bxe7 Qxe7 10. Nxd5 exd5 11. Bd3 Bb7 12. O-O Nd7 13. Rc1 Rfc8 14. Bf5 c5
15. Qa4 Bc6 16. Qa3 Rc7 17. Rfd1 Qd6 18. dxc5 Nxc5 19. Nd4 Be8 20. b4 Ne6 21.
Rxc7 Nxc7 22. Qc3 Ne6 23. a3 Bd7 24. Bb1 Rc8 25. Qd3 g6 26. h4 Nxd4 27. Qxd4
Ba4 28. Re1 Rc4 29. Qd2 Rxh4 30. f4 Bb3 31. Rc1 Qe6 32. Qf2 Qg4 33. f5 Bc4
1/2-1/2

[Event "Wroclaw-England B"]
[Site "?"]
[Date "2008.02.12"]
[Round "2.4"]
[White "Ashby, A."]
[Black "Bakalarczyk, W."]
[Result "1/2-1/2"]
[WhiteElo "2166"]
[BlackElo "1996"]
[PlyCount "32"]
[EventDate "2008.??.??"]

1. e4 c5 2. a3 Nc6 3. b4 Nf6 4. b5 Nd4 5. c3 Ne6 6. e5 Nd5 7. Qb3 Nb6 8. Nf3 d5
9. d4 c4 10. Qc2 a6 11. bxa6 Rxa6 12. g3 Bd7 13. Bg2 Nc7 14. O-O e6 15. h4 Be7
16. Nh2 Nb5 1/2-1/2

[Event "Sachsen 1-Baden"]
[Site "?"]
[Date "2008.02.12"]
[Round "2.1"]
[White "Siegmund, R."]
[Black "Villing, D."]
[Result "1/2-1/2"]
[WhiteElo "2170"]
[BlackElo "2209"]
[PlyCount "21"]
[EventDate "2008.??.??"]

1. d4 d6 2. Nf3 Bg4 3. c4 c6 4. Nc3 Nd7 5. e4 e5 6. Be2 Ngf6 7. Be3 Be7 8. O-O
O-O 9. Ne1 Bxe2 10. Qxe2 Re8 11. Nc2 1/2-1/2

[Event "Sachsen 1-Baden"]
[Site "?"]
[Date "2008.02.12"]
[Round "2.2"]
[White "Biebinger, G."]
[Black "Zoephel, H."]
[Result "1/2-1/2"]
[WhiteElo "2324"]
[BlackElo "2160"]
[PlyCount "43"]
[EventDate "2008.??.??"]

1. c4 Nf6 2. Nc3 e5 3. Nf3 Nc6 4. d3 d5 5. cxd5 Nxd5 6. e3 Be7 7. Be2 Be6 8.
O-O O-O 9. Qc2 f5 10. a3 a5 11. Bd2 Nxc3 12. Bxc3 Bf6 13. b3 Qe7 14. Qb2 Bd5
15. Rfe1 e4 16. Bxf6 Rxf6 17. Nd2 Rg6 18. g3 Ne5 19. dxe4 Bxe4 20. Nxe4 fxe4
21. Qd4 Nc6 22. Qd5+ 1/2-1/2

[Event "Sachsen 1-Baden"]
[Site "?"]
[Date "2008.02.12"]
[Round "2.3"]
[White "Jänig, R."]
[Black "Szenetra, W."]
[Result "0-1"]
[WhiteElo "2164"]
[BlackElo "2291"]
[PlyCount "56"]
[EventDate "2008.??.??"]

1. e4 g6 2. d4 Bg7 3. Nc3 d6 4. Bg5 a6 5. Nf3 b5 6. a3 Bb7 7. Be2 Nd7 8. O-O c5
9. Re1 h6 10. Bh4 cxd4 11. Nxd4 Qb6 12. Nb3 Ngf6 13. a4 b4 14. a5 Qc7 15. Na2
g5 16. Bg3 Nxe4 17. Bf3 Nxg3 18. hxg3 Bxf3 19. Qxf3 Rb8 20. Qe4 Nf6 21. Qe2 O-O
22. Qxa6 Qxc2 23. Nd4 Qc5 24. Nc6 Ng4 25. Nxe7+ Kh8 26. Re2 Ra8 27. Qb7 Rxa5
28. Rc1 Rxa2 0-1

[Event "Sachsen 1-Baden"]
[Site "?"]
[Date "2008.02.12"]
[Round "2.4"]
[White "Müller, R."]
[Black "Mückan, F."]
[Result "1-0"]
[WhiteElo "2210"]
[BlackElo "2061"]
[PlyCount "39"]
[EventDate "2008.??.??"]

1. e4 e6 2. d4 d5 3. e5 c5 4. c3 Nc6 5. Nf3 Qb6 6. Bd3 Bd7 7. dxc5 Bxc5 8. O-O
Qc7 9. b4 Be7 10. Re1 f6 11. Bf4 f5 12. a4 a6 13. Na3 Nd8 14. Qb3 Nf7 15. Bxf5
exf5 16. e6 Qxf4 17. exf7+ Kxf7 18. Qxd5+ Ke8 19. Ne5 Bxa4 20. Nac4 1-0

[Event "St. Petersburg-Italien"]
[Site "?"]
[Date "2008.02.12"]
[Round "2.1"]
[White "Turikov, V."]
[Black "Rosino, A."]
[Result "1/2-1/2"]
[WhiteElo "2334"]
[BlackElo "2267"]
[PlyCount "46"]
[EventDate "2008.??.??"]

1. Nf3 Nf6 2. c4 g6 3. Nc3 d5 4. e3 Bg7 5. Qb3 c6 6. cxd5 cxd5 7. Bb5+ Nc6 8.
Ne5 Qd6 9. Qa4 Bd7 10. Nxd7 Nxd7 11. d4 O-O 12. O-O a6 13. Be2 b5 14. Qd1 Nb6
15. Bf3 Rad8 16. a4 b4 17. a5 bxc3 18. axb6 cxb2 19. Bxb2 Qb4 20. Qe2 a5 21.
Rfb1 Qxb6 22. Bc3 Qc7 23. Qd2 Rd6 1/2-1/2

[Event "St. Petersburg-Italien"]
[Site "?"]
[Date "2008.02.12"]
[Round "2.2"]
[White "Barlocco, C."]
[Black "Loktiev, I."]
[Result "0-1"]
[WhiteElo "2124"]
[BlackElo "2327"]
[PlyCount "111"]
[EventDate "2008.??.??"]

1. d4 Nf6 2. Nf3 e6 3. Bg5 Be7 4. e3 b6 5. Nbd2 Bb7 6. Be2 O-O 7. O-O c5 8. c3
d6 9. a4 cxd4 10. exd4 Nc6 11. Nc4 Rc8 12. a5 b5 13. a6 Ba8 14. Ne3 Rb8 15. Re1
d5 16. Bxf6 Bxf6 17. b4 Rb6 18. Ng4 Be7 19. Nge5 Nb8 20. Ra5 Qc7 21. Qb3 Rc8
22. Rc1 Bc6 23. Nd3 Rxa6 24. Rca1 Rxa5 25. Rxa5 a6 26. Ra1 Bb7 27. Nc5 Bxc5 28.
bxc5 Nc6 29. Bd3 e5 30. Bf1 e4 31. Ne1 Na5 32. Qa2 Nc4 33. Bxc4 dxc4 34. Qd2
Rd8 35. Nc2 h6 36. Nb4 a5 37. Nc2 Qxc5 38. Rxa5 Qb6 39. Ra1 f5 40. Rb1 Bc6 41.
Ne3 f4 42. Nxc4 Qc7 43. Na3 f3 44. Nc2 fxg2 45. Ne3 Rf8 46. Kxg2 Qf4 47. Rg1
Qf3+ 48. Kf1 Ra8 49. Qd1 Qh3+ 50. Rg2 Bd7 51. Kg1 Qf3 52. Qb1 Qe2 53. Kh1 Qd3
54. Qb3+ Kh8 55. Rg3 Rf8 56. Nd1 0-1

[Event "St. Petersburg-Italien"]
[Site "?"]
[Date "2008.02.12"]
[Round "2.3"]
[White "Grinberg, I."]
[Black "Laco, G."]
[Result "1-0"]
[WhiteElo "2268"]
[BlackElo "2154"]
[PlyCount "58"]
[EventDate "2008.??.??"]

1. d4 b6 2. Bf4 Bb7 3. e3 g6 4. Nf3 Bg7 5. Be2 d6 6. O-O Nd7 7. Nbd2 c5 8. c3
Ngf6 9. h3 O-O 10. a4 h6 11. a5 Rc8 12. axb6 axb6 13. Ra7 Bc6 14. Qb3 Rc7 15.
Rfa1 Rxa7 16. Rxa7 Qb8 17. Qa2 e5 18. Bh2 b5 19. Qa5 Rc8 20. dxe5 dxe5 21. Nb3
Bd5 22. Bxb5 Bxb3 23. Bxd7 Qd6 24. Qb5 Qd1+ 25. Qf1 Qxf1+ 26. Kxf1 Nxd7 27.
Rxd7 f6 28. Nd2 Be6 29. Rd6 Rc6 1-0

[Event "Königl. SV. D. D. Den Haag-Hessen"]
[Site "?"]
[Date "2008.02.12"]
[Round "2.1"]
[White "Jongsma, A."]
[Black "Haubt, G."]
[Result "1/2-1/2"]
[WhiteElo "2192"]
[BlackElo "2236"]
[PlyCount "87"]
[EventDate "2008.??.??"]

1. e4 e5 2. Nf3 Nc6 3. Bb5 a6 4. Ba4 f5 5. d3 fxe4 6. dxe4 Bc5 7. Nc3 d6 8. Bg5
Nf6 9. Qe2 Bg4 10. h3 Bxf3 11. Qxf3 O-O 12. O-O Nd4 13. Qd3 c6 14. Ne2 Nxe2+
15. Qxe2 Qe8 16. b4 Ba7 17. Bb3+ Kh8 18. Rae1 Nh5 19. Kh2 Qg6 20. Bh4 Qh6 21.
Qg4 Nf6 22. Qg5 Qxg5 23. Bxg5 h6 24. Bc1 Bd4 25. Bd2 Rad8 26. c3 Ba7 27. g3
Rfe8 28. Re2 b5 29. a4 Re7 30. Rfe1 c5 31. Kg2 cxb4 32. cxb4 Rc8 33. f4 Bd4 34.
Kf3 Nd7 35. a5 Nb8 36. Bd5 Rc2 37. Be3 Rc3 38. Kg4 Nd7 39. Kf5 Kh7 40. h4 g6+
41. Kg4 Nf6+ 42. Kf3 Nxd5 43. fxe5 Rb3 44. Kf2 1/2-1/2

[Event "Königl. SV. D. D. Den Haag-Hessen"]
[Site "?"]
[Date "2008.??.??"]
[Round "2.2"]
[White "Rapoport, V."]
[Black "Dickhoff, R."]
[Result "1/2-1/2"]
[WhiteElo "2271"]
[BlackElo "2158"]
[PlyCount "73"]
[EventDate "2008.??.??"]

1. Nf3 Nf6 2. g3 b6 3. Bg2 Bb7 4. d3 d5 5. O-O Nbd7 6. Nbd2 e6 7. Qe1 Be7 8. e4
O-O 9. e5 Ne8 10. Qe2 c5 11. Re1 Nc7 12. c3 Nb8 13. h4 Nc6 14. Nf1 b5 15. Bg5
h6 16. Bxe7 Qxe7 17. g4 f6 18. g5 fxg5 19. hxg5 hxg5 20. Ng3 Rf4 21. Nh2 Raf8
22. Rf1 Qf7 23. Ng4 Qg6 24. Rae1 Ne8 25. Nh2 g4 26. Qe3 c4 27. d4 Ne7 28. Ne2
R4f5 29. Ng3 Rf4 30. Ne2 R4f5 31. Ng3 Rg5 32. Qd2 Nf5 33. Nxf5 Rfxf5 34. Re3
Rf3 35. Qe2 Rf4 36. Rg3 Qf5 37. Qd2 1/2-1/2

[Event "Königl. SV. D. D. Den Haag-Hessen"]
[Site "?"]
[Date "2008.02.12"]
[Round "2.3"]
[White "Lindner, J-J."]
[Black "Zunker, R."]
[Result "1/2-1/2"]
[WhiteElo "2101"]
[BlackElo "2251"]
[PlyCount "95"]
[EventDate "2008.??.??"]

1. f4 d6 2. Nf3 Nf6 3. Nc3 a6 4. e4 b5 5. a3 g6 6. d4 Bb7 7. Bd3 e6 8. O-O d5
9. e5 Nfd7 10. Ne2 c5 11. c3 Nc6 12. Be3 Be7 13. g4 c4 14. Bc2 Qb6 15. Qd2 h5
16. f5 hxg4 17. fxe6 gxf3 18. exd7+ Kxd7 19. Nf4 Nd8 20. Rxf3 Ne6 21. Nxe6 Qxe6
22. Raf1 Raf8 23. Bh6 Ke8 24. Bxf8 Rxf8 25. Bd1 Bc8 26. Rg3 Qc6 27. Bg4 Be6 28.
Bxe6 Qxe6 29. Qg2 Rh8 30. Rgf3 Rh7 31. Rf6 Bxf6 32. Rxf6 Qh3 33. Qxh3 Rxh3 34.
Rxa6 Rd3 35. Rd6 Rd2 36. Rxd5 Rxb2 37. Rc5 Rb3 38. Kf2 Rxc3 39. Rxb5 Rxa3 40.
Rc5 Rc3 41. Ke2 Kd7 42. d5 Rd3 43. h3 Rd4 44. Ke3 Rh4 45. Rc6 Rxh3+ 46. Kd4
Rh4+ 47. Ke3 Rh5 48. Kd4 1/2-1/2

[Event "Königl. SV. D. D. Den Haag-Hessen"]
[Site "?"]
[Date "2008.02.12"]
[Round "2.4"]
[White "Niebling, F."]
[Black "Monte, P."]
[Result "1-0"]
[WhiteElo "2225"]
[BlackElo "2086"]
[PlyCount "99"]
[EventDate "2008.??.??"]

1. e4 e6 2. d4 d5 3. Nd2 c5 4. Ngf3 Nf6 5. exd5 exd5 6. Bb5+ Bd7 7. Bxd7+ Nbxd7
8. O-O Be7 9. dxc5 Nxc5 10. Nd4 Qd7 11. N2f3 O-O 12. Bf4 a6 13. Ne5 Qc8 14. Re1
Re8 15. c3 Bd6 16. Bg3 Nce4 17. Nd3 Nxg3 18. Rxe8+ Qxe8 19. hxg3 Qe4 20. Qf3
Re8 21. Nf5 Bf8 22. Rd1 h5 23. Nh6+ gxh6 24. Qxf6 Bg7 25. Qf4 Qg6 26. Nb4 d4
27. cxd4 Qb6 28. Nd5 Qxb2 29. Nf6+ Bxf6 30. Qxf6 Qxa2 31. Qxh6 Qd5 32. Rc1 Qxd4
33. Qxh5 Qe5 34. Qg4+ Kh7 35. Qf3 Re7 36. Rc4 f5 37. Qh5+ Kg7 38. Rc8 Qe1+ 39.
Kh2 Kf6 40. Rf8+ Ke6 41. Qxf5+ Kd6 42. Rd8+ Kc7 43. Rc8+ Kd6 44. Qc5+ Ke6 45.
Rh8 Qe4 46. Rh6+ Kf7 47. Qh5+ Kg7 48. Qg5+ Kf7 49. f3 Re5 50. Qf6+ 1-0

[Event "Luxemburg-Finnland 1"]
[Site "?"]
[Date "2008.02.12"]
[Round "2.1"]
[White "Feller, J."]
[Black "Westerinen, H."]
[Result "0-1"]
[WhiteElo "2195"]
[BlackElo "2362"]
[PlyCount "56"]
[EventDate "2008.??.??"]

1. e4 e6 2. d4 d5 3. Nd2 c5 4. Ngf3 Nf6 5. e5 Nfd7 6. c3 Nc6 7. Bd3 Qb6 8. O-O
cxd4 9. cxd4 Nxd4 10. Nxd4 Qxd4 11. Nf3 Qb6 12. Qe2 Be7 13. Re1 Nc5 14. Be3 Bd7
15. Rec1 Rc8 16. a3 Qd8 17. Bc2 a6 18. Nd4 O-O 19. Qg4 f5 20. exf6 Rxf6 21. b4
e5 22. Nf5 Ne6 23. Bb6 Qf8 24. Nxe7+ Qxe7 25. Bb3 Rxc1+ 26. Rxc1 Nf4 27. Bc5
Bxg4 28. Bxe7 Ne2+ 0-1

[Event "Luxemburg-Finnland 1"]
[Site "?"]
[Date "2008.02.12"]
[Round "2.2"]
[White "Hurme, H."]
[Black "Stull, N."]
[Result "1-0"]
[WhiteElo "2215"]
[BlackElo "2184"]
[PlyCount "117"]
[EventDate "2008.??.??"]

1. d4 Nf6 2. c4 g6 3. Nc3 Bg7 4. e4 d6 5. Nge2 O-O 6. Ng3 e5 7. d5 c6 8. h4
cxd5 9. cxd5 a5 10. h5 Na6 11. Be2 Nc5 12. Bg5 Bd7 13. Qd2 a4 14. Rb1 Qe8 15.
h6 Bh8 16. f3 b5 17. Nd1 Qb8 18. Nf2 Rc8 19. Be3 Ne8 20. Nd3 Bf6 21. O-O Bd8
22. f4 Bh4 23. Bxc5 Bxg3 24. Bf2 Bxf2+ 25. Nxf2 Qb6 26. g3 Rc7 27. Kg2 Rac8 28.
Rbc1 Qd4 29. Qxd4 exd4 30. Nd3 Rc2 31. Rxc2 Rxc2 32. Rf2 a3 33. Bd1 Rxf2+ 34.
Kxf2 Nf6 35. Bf3 axb2 36. Nxb2 Ng4+ 37. Bxg4 Bxg4 38. Nd3 Kf8 39. a3 f6 40. Nb4
Bd1 41. Nc6 Bc2 42. Nxd4 Bxe4 43. Nxb5 Bxd5 44. Nxd6 Ke7 45. Nb5 Bc6 46. Nc3
Ke6 47. Ke3 Kf5 48. a4 Kg4 49. a5 g5 50. Ne4 gxf4+ 51. gxf4 Kf5 52. Nc5 Kg6 53.
a6 Kxh6 54. a7 Kg6 55. Ne6 h5 56. f5+ Kh7 57. Kf4 Kh6 58. Kg3 Bb7 59. Kh4 1-0

[Event "Luxemburg-Finnland 1"]
[Site "?"]
[Date "2008.02.12"]
[Round "2.3"]
[White "Rasmussen, L."]
[Black "Kanko, I."]
[Result "0-1"]
[WhiteElo "2095"]
[BlackElo "2219"]
[PlyCount "96"]
[EventDate "2008.??.??"]

1. d4 Nf6 2. c4 e6 3. Nf3 b6 4. g3 Bb4+ 5. Bd2 Be7 6. Bg2 Bb7 7. O-O O-O 8. Nc3
d5 9. Ne5 Na6 10. cxd5 exd5 11. Qa4 c5 12. e3 Qe8 13. Qxe8 Rfxe8 14. a3 Nc7 15.
Rfd1 Bd6 16. f4 c4 17. Re1 b5 18. h3 a5 19. a4 b4 20. Nd1 Bxe5 21. fxe5 Ne4 22.
Bxe4 dxe4 23. Nf2 f5 24. exf6 gxf6 25. Ng4 Kg7 26. Rac1 Ba6 27. Rc2 Nd5 28. Nf2
Rac8 29. Nd1 Nb6 30. Nf2 Nxa4 31. Ra1 Bb5 32. Be1 Ra8 33. g4 Nb6 34. Nd1 Nd5
35. Bg3 Ra6 36. Rf2 c3 37. g5 fxg5 38. bxc3 bxc3 39. Rf5 Rd8 40. Rc1 Kg6 41.
Re5 Rc6 42. h4 h6 43. hxg5 hxg5 44. Rxe4 c2 45. Nf2 Nc3 46. Re7 Ne2+ 47. Kg2
Nxc1 48. Be5 Rg8 0-1

[Event "Luxemburg-Finnland 1"]
[Site "?"]
[Date "2008.02.12"]
[Round "2.4"]
[White "Aijala, J."]
[Black "Brosius, R."]
[Result "1-0"]
[WhiteElo "2146"]
[BlackElo "1756"]
[PlyCount "69"]
[EventDate "2008.??.??"]

1. c4 c5 2. g3 Nf6 3. Bg2 Nc6 4. Nc3 e6 5. Nf3 Be7 6. O-O O-O 7. d4 cxd4 8.
Nxd4 Ne5 9. b3 a6 10. h3 Ng6 11. e4 e5 12. Nf5 Bc5 13. Bg5 Re8 14. Nd5 Re6 15.
Qf3 Bf8 16. b4 a5 17. Nh6+ gxh6 18. Bxf6 Rxf6 19. Nxf6+ Kg7 20. Nh5+ Kg8 21.
bxa5 Rxa5 22. Rfd1 Ra6 23. Kh2 Bc5 24. a4 Bd4 25. Ra2 Re6 26. Qg4 Qg5 27. f4
Qxg4 28. hxg4 Rc6 29. f5 Nf8 30. Bf1 f6 31. Nf4 b6 32. Nd5 Kf7 33. Rb1 Ba6 34.
Rc2 b5 35. axb5 1-0